<?xml version="1.0" encoding="UTF-8"?>
<record
    xmlns:xsi="http://www.w3.org/2001/XMLSchema-instance"
    xsi:schemaLocation="http://www.loc.gov/MARC21/slim http://www.loc.gov/standards/marcxml/schema/MARC21slim.xsd"
    xmlns="http://www.loc.gov/MARC21/slim">

  <leader>00955nam a2200217Ia 4500</leader>
  <datafield tag="952" ind1=" " ind2=" ">
    <subfield code="0">0</subfield>
    <subfield code="1">0</subfield>
    <subfield code="4">0</subfield>
    <subfield code="7">0</subfield>
    <subfield code="a">11</subfield>
    <subfield code="b">11</subfield>
    <subfield code="d">2007-04-13</subfield>
    <subfield code="l">5</subfield>
    <subfield code="o">BF723.C5 D64 2006</subfield>
    <subfield code="p">11 002591</subfield>
    <subfield code="r">2019-11-23</subfield>
    <subfield code="s">2019-11-23</subfield>
    <subfield code="t">2</subfield>
    <subfield code="w">2012-06-26</subfield>
    <subfield code="y">LB</subfield>
  </datafield>
  <datafield tag="952" ind1=" " ind2=" ">
    <subfield code="0">0</subfield>
    <subfield code="1">0</subfield>
    <subfield code="4">0</subfield>
    <subfield code="7">0</subfield>
    <subfield code="a">11</subfield>
    <subfield code="b">11</subfield>
    <subfield code="d">2007-04-13</subfield>
    <subfield code="l">3</subfield>
    <subfield code="o">BF723.C5 D64 2006</subfield>
    <subfield code="p">11 006480</subfield>
    <subfield code="r">2018-07-11</subfield>
    <subfield code="s">2018-07-11</subfield>
    <subfield code="t">1</subfield>
    <subfield code="w">2012-06-26</subfield>
    <subfield code="y">LB</subfield>
  </datafield>
  <datafield tag="999" ind1=" " ind2=" ">
    <subfield code="c">69848</subfield>
    <subfield code="d">69848</subfield>
  </datafield>
  <controlfield tag="008">120626s2006    mx            000 0 spa d</controlfield>
  <datafield tag="020" ind1=" " ind2=" ">
    <subfield code="a">9682474280</subfield>
  </datafield>
  <datafield tag="050" ind1=" " ind2=" ">
    <subfield code="a">BF723.C5 </subfield>
    <subfield code="b">D64  2006</subfield>
  </datafield>
  <datafield tag="100" ind1=" " ind2=" ">
    <subfield code="a">Dolle, Jean- Marie</subfield>
    <subfield code="e">autor</subfield>
  </datafield>
  <datafield tag="245" ind1=" " ind2=" ">
    <subfield code="a">Para comprender a Jean Piaget /</subfield>
    <subfield code="c"> Dolle Jean  Marie</subfield>
  </datafield>
  <datafield tag="250" ind1=" " ind2=" ">
    <subfield code="a">2a. edici&#xF3;n</subfield>
  </datafield>
  <datafield tag="260" ind1=" " ind2=" ">
    <subfield code="a">M&#xE9;xico </subfield>
    <subfield code="b">: Trillas</subfield>
    <subfield code="c">, 2006</subfield>
  </datafield>
  <datafield tag="300" ind1=" " ind2=" ">
    <subfield code="a">244 p&#xE1;ginas</subfield>
  </datafield>
  <datafield tag="500" ind1=" " ind2=" ">
    <subfield code="a">Incluye: &#xCD;ndice de abreviaturas (pp. 5-6), Introducci&#xF3;n (pp. 7-9), Conclusi&#xF3;n (pp. 213-220), &#xCD;ndice anal&#xED;tico (pp. 227-244) </subfield>
  </datafield>
  <datafield tag="504" ind1=" " ind2=" ">
    <subfield code="a">Bibliograf&#xED;a  (pp. 221-223)</subfield>
  </datafield>
  <datafield tag="505" ind1=" " ind2=" ">
    <subfield code="a">Historia y m&#xE9;todo  
Datos epistemol&#xF3;gicos  
La inteligencia sensoriomotriz  
La g&#xE9;nesis de las operaciones concretas (de la inteligencia simb&#xF3;lica o preoperacional a la inteligencia operacional concreta   
La inteligencia operacional formal</subfield>
  </datafield>
  <datafield tag="519" ind1=" " ind2=" ">
    <subfield code="a"> </subfield>
    <subfield code="d"> </subfield>
  </datafield>
  <datafield tag="650" ind1=" " ind2="0">
    <subfield code="a">PIAGET, JEAN</subfield>
    <subfield code="x">1896-1980</subfield>
  </datafield>
  <datafield tag="650" ind1=" " ind2="0">
    <subfield code="a">PSICOLOG&#xCD;A GEN&#xC9;TICA </subfield>
  </datafield>
  <datafield tag="942" ind1=" " ind2=" ">
    <subfield code="c">LB</subfield>
  </datafield>
</record>
